Modi : (Record no. 101080)

MARC details
000 -LEADER
fixed length control field 00616nam a22002057a 4500
005 - DATE AND TIME OF LATEST TRANSACTION
control field 20160701122505.0
010 ## - LCCN (DPL NO)
LC control number ENG-115348
020 ## - INTERNATIONAL STANDARD BOOK NUMBER
International Standard Book Number 9789350489789
Terms of availability 500.00
035 ## - SYSTEM CONTROL NUMBER
System control number EN-98880
037 ## - SOURCE OF ACQUISITION
Source of stock number/acquisition DBAD/PUB
082 ## - DEWEY DECIMAL CLASSIFICATION NUMBER
Classification number 954.0532092
100 ## - MAIN ENTRY--PERSONAL NAME
Personal name Makwana,Kishor
245 ## - TITLE STATEMENT
Title Modi :
Remainder of title common man's PM /
Statement of responsibility, etc by Kishor Makwana ;edited by Radhika Nagrath ;tranclted by A.K. Gandhi
260 ## - PUBLICATION, DISTRIBUTION, ETC. (IMPRINT)
Place of publication, distribution, etc New Delhi
Name of publisher, distributor, etc Prabhat Prakashan
Date of publication, distribution, etc 2015
270 ## - ADDRESS
Address 4/19 Asaf Ali Road
City New Delhi
Postal code 110002
300 ## - PHYSICAL DESCRIPTION
Extent 367p.
Dimensions 23cm.(Hb)
700 ## - ADDED ENTRY--PERSONAL NAME
Personal name Gandhi A.K.
700 ## - ADDED ENTRY--PERSONAL NAME
Personal name Nagarath,Radhika
942 ## - ADDED ENTRY ELEMENTS (KOHA)
Source of classification or shelving scheme Dewey Decimal Classification
Item type English Books
Call number suffix MAK
Call number prefix 954.0532092
Holdings
Withdrawn status Lost status Not for loan Collection code Home library Current library Date acquired Source of acquisition Cost, normal purchase price Full call number Barcode Copy number Cost, replacement price Koha item type
    Not For Loan Fiction D.B.Act.Division Bawana 01/07/2016 DBAD/PUB 500.00 954.0532092 MAK EN-98880 1 500.00 English Books

© Delhi Public Library
Hit Counter
free hit counter